[Event "DEM U12 2017"]
[Site "Willingen GER"]
[Date "2017.06.04"]
[Round "2"]
[White "Gallasch, Jonas"]
[Black "Krastev, Alexander"]
[Result "1/2-1/2"]
[Termination "normal"]
[Board "1"]
[WhiteElo "1813"]
[BlackElo "2180"]
[WhiteClock "00:06:05"]
[BlackClock "00:02:22"]
[PlyCount "113"]
[WhiteFideId "16222474"]
[BlackFideId "12989983"]
[EventCountry "GER"]
[EventRounds "11"]
[EventType "swiss"]
[EventDate "2017.06.03"]

1. Nf3 c5 2. c4 Nc6 3. Nc3 g6 4. g3 Bg7 5. Bg2 e6 6. O-O Nge7 7. e3 O-O 8. d4
cxd4 9. exd4 d5 10. cxd5 exd5 11. Bf4 Bg4 12. Be3 Nf5 13. Qb3 Bxf3 14. Bxf3
Ncxd4 15. Bxd4 Nxd4 16. Qxd5 Nxf3+ 17. Qxf3 Qb6 18. Rab1 Rad8 19. Nd5 Qd6 20.
Rfd1 Rfe8 21. Ne3 Qa6 22. a3 Qb5 23. Nd5 Qa4 24. Nc3 Qc6 25. Qxc6 bxc6 26. Kf1
f5 27. Na4 Bd4 28. Rd2 Bf6 29. Rbd1 Kf7 30. Nc5 Rxd2 31. Rxd2 Rd8 32. Rxd8 Bxd8
33. Ke2 Bb6 34. Nd3 Ke6 35. Nf4+ Ke5 36. f3 a5 37. Kd3 Bg1 38. h3 Bf2 39. Ne2
Kd5 40. b4 axb4 41. axb4 g5 42. Nc3+ Ke5 43. Ne2 Kd5 44. Nc3+ Kd6 45. Ne2 Kc7
46. Kc3 Kb6 47. Kc4 h5 48. g4 fxg4 49. fxg4 h4 50. Nc3 Bg3 51. b5 Be5 52. bxc6
Kxc6 53. Ne4 Bf4 54. Kd4 Kd7 55. Nf6+ Ke6 56. Nd5 Bc1 57. Nb4 1/2-1/2

[Event "DEM U12 2017"]
[Site "Willingen GER"]
[Date "2017.06.04"]
[Round "2"]
[White "Musiolik, David"]
[Black "Stockmann, Till"]
[Result "1/2-1/2"]
[Termination "normal"]
[Board "2"]
[WhiteElo "1984"]
[BlackElo "1724"]
[WhiteClock "00:12:29"]
[BlackClock "00:10:33"]
[PlyCount "62"]
[WhiteFideId "12972355"]
[BlackFideId "12979341"]
[EventCountry "GER"]
[EventRounds "11"]
[EventType "swiss"]
[EventDate "2017.06.03"]

1. e4 c5 2. Nf3 Nc6 3. d4 cxd4 4. Nxd4 g6 5. Nc3 Bg7 6. Be3 Nf6 7. f3 O-O 8.
Bc4 Qb6 9. O-O e5 10. Na4 Qb4 11. Nxc6 dxc6 12. Bb3 b6 13. Qe2 Bd7 14. Rfd1
Rac8 15. a3 Qe7 16. Rd2 Be6 17. Bxe6 Qxe6 18. Rad1 Kh8 19. Rd6 Qe7 20. Qd2 Nd5
21. Rxc6 Rxc6 22. exd5 Rd8 23. dxc6 Rxd2 24. Rxd2 Qc7 25. Rd7 Qc8 26. b4 Bf6
27. b5 e4 28. Rxf7 Qe6 29. c7 exf3 30. Kf2 fxg2 31. Kxg2 Qg4+ 1/2-1/2

[Event "DEM U12 2017"]
[Site "Willingen GER"]
[Date "2017.06.04"]
[Round "2"]
[White "Zeuner, Ole"]
[Black "Weihrauch, Jakob"]
[Result "0-1"]
[Termination "normal"]
[Board "3"]
[WhiteElo "1764"]
[BlackElo "1965"]
[WhiteClock "00:05:21"]
[BlackClock "00:05:18"]
[PlyCount "98"]
[WhiteFideId "12943576"]
[BlackFideId "16210115"]
[EventCountry "GER"]
[EventRounds "11"]
[EventType "swiss"]
[EventDate "2017.06.03"]

1. e4 c5 2. Nf3 d6 3. d4 cxd4 4. Nxd4 Nf6 5. Nc3 a6 6. Nb3 e6 7. g4 Be7 8. Bg2
Nfd7 9. Be3 Nc6 10. Qe2 Nde5 11. O-O-O b5 12. Nd2 Na5 13. f4 Nec4 14. Nxc4 Nxc4
15. g5 Bb7 16. h4 Qa5 17. Kb1 Qb4 18. Bc1 Rc8 19. Qd3 Qc5 20. Rhf1 O-O 21. Bh3
Na3+ 22. bxa3 Qxc3 23. Bb2 Qxd3 24. cxd3 d5 25. Rfe1 dxe4 26. dxe4 Rc4 27. Rd7
Bxe4+ 28. Ka1 Re8 29. Bf1 Bc6 30. Rxe7 Rxe7 31. Bxc4 bxc4 32. Rd1 Bd5 33. f5
Rd7 34. f6 g6 35. Bc3 Kf8 36. Be5 Ke8 37. Kb2 Rb7+ 38. Kc3 Kd7 39. Re1 Kc6 40.
Rd1 Rb5 41. Re1 Bf3 42. Re3 Bg2 43. Re2 Bf1 44. Re1 Bd3 45. Bf4 Rf5 46. Bg3 Rf3
47. Rg1 Bf1+ 48. Kb2 Kd5 49. Kc2 e5 0-1

[Event "DEM U12 2017"]
[Site "Willingen GER"]
[Date "2017.06.04"]
[Round "2"]
[White "Colbow, Collin"]
[Black "Röhr, Oliver"]
[Result "1-0"]
[Termination "normal"]
[Board "4"]
[WhiteElo "1968"]
[BlackElo "1706"]
[WhiteClock "00:30:51"]
[BlackClock "00:46:34"]
[PlyCount "43"]
[WhiteFideId "16201132"]
[BlackFideId "12987697"]
[EventCountry "GER"]
[EventRounds "11"]
[EventType "swiss"]
[EventDate "2017.06.03"]

1. e4 e5 2. Nf3 Nc6 3. Bc4 Bc5 4. O-O Nf6 5. d3 d6 6. c3 a6 7. Nbd2 O-O 8. h3
b5 9. Bb3 Ne7 10. Re1 Ng6 11. Nf1 Be6 12. Ng3 Qd7 13. d4 Bxb3 14. Qxb3 Ba7 15.
Bg5 Qe6 16. d5 Qd7 17. a4 Nf4 18. Qc2 h6 19. Bxf4 exf4 20. Ne2 g5 21. Ned4 Kh7
22. e5+ 1-0

[Event "DEM U12 2017"]
[Site "Willingen GER"]
[Date "2017.06.04"]
[Round "2"]
[White "Schauties, Nico Antonio"]
[Black "Pubantz, Jan"]
[Result "1/2-1/2"]
[Termination "normal"]
[Board "5"]
[WhiteElo "1711"]
[BlackElo "1999"]
[WhiteClock "00:49:44"]
[BlackClock "00:06:05"]
[PlyCount "98"]
[WhiteFideId "16206371"]
[BlackFideId "12996114"]
[EventCountry "GER"]
[EventRounds "11"]
[EventType "swiss"]
[EventDate "2017.06.03"]

1. d4 d5 2. c4 c6 3. Nf3 Nf6 4. Nc3 e6 5. e3 Nbd7 6. Bd3 dxc4 7. Bxc4 b5 8. Bd3
a6 9. a3 c5 10. O-O Bb7 11. dxc5 Nxc5 12. Bc2 Qc7 13. Qe2 Bd6 14. h3 O-O 15. b4
Ncd7 16. Bb2 Nb6 17. Bd3 Nc4 18. Bxc4 bxc4 19. Rac1 Bxf3 20. Qxf3 Nd7 21. Ne4
Be5 22. Bxe5 Nxe5 23. Qe2 Rac8 24. Nc5 a5 25. f4 Nc6 26. Rxc4 axb4 27. axb4
Nxb4 28. Rfc1 Qa7 29. Nxe6 Rxc4 30. Rxc4 Qa1+ 31. Kh2 fxe6 32. Rxb4 Qf6 33. Qb2
Qf5 34. Qe5 Qxe5 35. fxe5 Rf5 36. Re4 h5 37. g4 hxg4 38. hxg4 Rf1 39. Kg2 Ra1
40. Kg3 g5 41. Kf3 Rf1+ 42. Ke2 Ra1 43. Rd4 Ra7 44. Kf3 Kf7 45. Rc4 Re7 46. Ke4
Rd7 47. Rc6 Ke7 48. Rd6 Ra7 49. Rd2 Ra4+ 1/2-1/2

[Event "DEM U12 2017"]
[Site "Willingen GER"]
[Date "2017.06.04"]
[Round "2"]
[White "Arakelian, Aik"]
[Black "Rössel, Gino"]
[Result "1/2-1/2"]
[Termination "normal"]
[Board "6"]
[WhiteElo "1737"]
[BlackElo "1714"]
[WhiteClock "00:44:55"]
[BlackClock "00:31:00"]
[PlyCount "34"]
[WhiteFideId "16220340"]
[BlackFideId "16203070"]
[EventCountry "GER"]
[EventRounds "11"]
[EventType "swiss"]
[EventDate "2017.06.03"]

1. Nf3 d5 2. c4 e6 3. e3 Nf6 4. b3 c6 5. Bb2 Nbd7 6. Be2 Bd6 7. O-O O-O 8. d4
b6 9. Nbd2 Bb7 10. Bd3 c5 11. Qc2 h6 12. Rfe1 cxd4 13. Nxd4 Nc5 14. Bf1 Rc8 15.
Rac1 Nfe4 16. f3 Bxh2+ 17. Kxh2 Qh4+ 1/2-1/2

[Event "DEM U12 2017"]
[Site "Willingen GER"]
[Date "2017.06.04"]
[Round "2"]
[White "Mainka, Alwin"]
[Black "Lutz, Ruben"]
[Result "1/2-1/2"]
[Termination "normal"]
[Board "7"]
[WhiteElo "1579"]
[BlackElo "1893"]
[WhiteClock "00:38:44"]
[BlackClock "00:02:12"]
[PlyCount "56"]
[WhiteFideId "16241177"]
[BlackFideId "12975974"]
[EventCountry "GER"]
[EventRounds "11"]
[EventType "swiss"]
[EventDate "2017.06.03"]

1. e4 e6 2. d4 d5 3. Nd2 Nf6 4. e5 Nfd7 5. Qg4 c5 6. c3 Nc6 7. Bd3 f5 8. exf6
Nxf6 9. Qh4 Be7 10. dxc5 Bxc5 11. Nb3 Be7 12. Qg3 g6 13. Ne2 Nh5 14. Qe3 O-O
15. O-O Bd6 16. Qd2 e5 17. Bc2 Be6 18. Qd1 Qc7 19. Ng3 Nf4 20. Be3 b6 21. Rc1
Rad8 22. Re1 Qf7 23. Bxf4 Qxf4 24. Qe2 Rfe8 25. Bd3 Bd7 26. c4 e4 27. Bc2 Bg4
28. Qf1 Nb4 1/2-1/2

[Event "DEM U12 2017"]
[Site "Willingen GER"]
[Date "2017.06.04"]
[Round "2"]
[White "Hommer, Jeremy"]
[Black "Tham, Nam"]
[Result "1/2-1/2"]
[Termination "normal"]
[Board "8"]
[WhiteElo "1899"]
[BlackElo "1762"]
[WhiteClock "00:03:38"]
[BlackClock "00:22:50"]
[PlyCount "122"]
[WhiteFideId "12992577"]
[BlackFideId "12997331"]
[EventCountry "GER"]
[EventRounds "11"]
[EventType "swiss"]
[EventDate "2017.06.03"]

1. d4 d5 2. Bf4 e6 3. e3 c6 4. Bd3 Nf6 5. Nd2 Nbd7 6. c3 Be7 7. h3 h6 8. Ngf3
b6 9. O-O O-O 10. a4 Bb7 11. a5 b5 12. a6 Bc8 13. Nb3 Qb6 14. Ra2 Bxa6 15. Qa1
Bb7 16. Na5 c5 17. Nxb7 Qxb7 18. b3 a6 19. Nd2 Qc6 20. Re1 Bd6 21. Bxd6 Qxd6
22. Bxb5 Nb8 23. Bd3 Rc8 24. Rc1 Rc6 25. dxc5 Rxc5 26. b4 Rc7 27. Rcc2 Rca7 28.
Ra3 Nfd7 29. Rca2 g6 30. Be2 e5 31. Nb3 Kh7 32. b5 Nc5 33. Nxc5 Qxc5 34. bxa6
Qd6 35. Ra5 Qe6 36. R2a4 Nc6 37. Rb5 Nd8 38. Rc5 Qd6 39. Raa5 Nc6 40. Rxd5 Qe6
41. Rac5 Nb8 42. Rxe5 Qf6 43. Red5 Nxa6 44. Bxa6 Rxa6 45. Ra5 Rxa5 46. Rxa5 Rc8
47. Ra3 Rc5 48. Qc1 Qc6 49. f3 h5 50. Kf2 Qc7 51. Qc2 Rc4 52. Rb3 Qc6 53. Ke2
Qc7 54. Kd1 Rc5 55. Kc1 Qe5 56. e4 Rc7 57. Kb1 Qa5 58. c4 Ra7 59. Qb2 Qe1+ 60.
Kc2 Qe2+ 61. Kc3 Qe3+ 1/2-1/2

[Event "DEM U12 2017"]
[Site "Willingen GER"]
[Date "2017.06.04"]
[Round "2"]
[White "Simukov, Erik"]
[Black "Morgenstern, Tobias"]
[Result "0-1"]
[Termination "normal"]
[Board "9"]
[WhiteElo "1719"]
[BlackElo "1418"]
[WhiteClock "00:19:02"]
[BlackClock "00:25:44"]
[PlyCount "64"]
[WhiteFideId "12995380"]
[BlackFideId "12974390"]
[EventCountry "GER"]
[EventRounds "11"]
[EventType "swiss"]
[EventDate "2017.06.03"]

1. e4 e5 2. Nf3 Nc6 3. Bb5 a6 4. Ba4 Nf6 5. d3 b5 6. Bb3 Bc5 7. O-O d6 8. c3
Ba7 9. h3 O-O 10. Re1 Ne7 11. Nbd2 Ng6 12. Bc2 Nf4 13. Nf1 N6h5 14. d4 Qe7 15.
Ne3 c6 16. Nf5 Bxf5 17. exf5 Rad8 18. Bxf4 Nxf4 19. Qc1 Qf6 20. dxe5 dxe5 21.
Qb1 Rfe8 22. Be4 Rd6 23. Qc2 Red8 24. a4 Nd3 25. Rf1 g6 26. axb5 cxb5 27. fxg6
hxg6 28. Bxd3 Rxd3 29. Rad1 e4 30. Nd2 Qf4 31. Nb3 Rxd1 32. Rxd1 Qxf2+ 0-1

[Event "DEM U12 2017"]
[Site "Willingen GER"]
[Date "2017.06.04"]
[Round "2"]
[White "Rashba, David"]
[Black "Bui, Bao Anh Le"]
[Result "0-1"]
[Termination "normal"]
[Board "10"]
[WhiteElo "1508"]
[BlackElo "1748"]
[WhiteClock "00:24:07"]
[BlackClock "00:05:04"]
[PlyCount "116"]
[WhiteFideId "16205499"]
[BlackFideId "12970719"]
[EventCountry "GER"]
[EventRounds "11"]
[EventType "swiss"]
[EventDate "2017.06.03"]

1. d4 d5 2. Bf4 e6 3. Nf3 Nf6 4. e3 c5 5. c3 Nc6 6. Nbd2 Bd6 7. Bxd6 Qxd6 8.
Be2 O-O 9. h3 Re8 10. Nb3 c4 11. Nbd2 b5 12. O-O a5 13. Qc2 Bb7 14. Rfe1 b4 15.
Rf1 Rec8 16. Kh1 a4 17. cxb4 Qxb4 18. Qc3 a3 19. Rab1 Rcb8 20. Qxb4 Nxb4 21.
bxa3 Nxa2 22. Rb2 Nc3 23. Bd1 Nxd1 24. Rxd1 c3 25. Rb3 cxd2 26. Rxd2 Bc8 27.
Rxb8 Rxb8 28. Ra2 Ba6 29. Ne5 Ne4 30. Kg1 f6 31. Nc6 Rb1+ 32. Kh2 Bc4 33. Rc2
Bb3 34. Re2 Ra1 35. Nd8 Rxa3 36. Nxe6 Ra6 37. Nf4 g5 38. Nh5 Bd1 39. Nxf6+ Rxf6
40. Re1 Nxf2 41. Kg1 Ba4 42. Rf1 Nxh3+ 43. gxh3 Rxf1+ 44. Kxf1 Kg7 45. Kf2 Kg6
46. Kg2 Kf5 47. Kf3 Bd1+ 48. Kg3 h5 49. Kg2 Ke4 50. Kf2 Bf3 51. Kf1 Kxe3 52.
Ke1 g4 53. hxg4 hxg4 54. Kf1 g3 55. Kg1 g2 56. Kh2 Kf2 57. Kh3 g1=Q 58. Kh4
Qg4# 0-1

[Event "DEM U12 2017"]
[Site "Willingen GER"]
[Date "2017.06.04"]
[Round "2"]
[White "Eilenberg, Jonas"]
[Black "Chassard, Cedric"]
[Result "1/2-1/2"]
[Termination "normal"]
[Board "11"]
[WhiteElo "1650"]
[BlackElo "1290"]
[WhiteClock "00:32:04"]
[BlackClock "00:31:56"]
[PlyCount "130"]
[WhiteFideId "16204271"]
[BlackFideId "16243536"]
[EventCountry "GER"]
[EventRounds "11"]
[EventType "swiss"]
[EventDate "2017.06.03"]

1. d4 d5 2. c4 c6 3. cxd5 cxd5 4. Nc3 Nf6 5. Bf4 Nc6 6. e3 Bf5 7. Bd3 Bxd3 8.
Qxd3 e6 9. Nge2 Bd6 10. Bg3 Bxg3 11. hxg3 Qb6 12. O-O Nb4 13. Qd1 Ng4 14. a3
Nc6 15. Na4 Qd8 16. Nf4 Nf6 17. Nc5 Qe7 18. Re1 b6 19. Qa4 Rc8 20. Ncd3 O-O 21.
Qd1 Ne4 22. Kh2 Rfd8 23. Qh5 Qg5 24. Qxg5 Nxg5 25. Rac1 Ne4 26. Rc2 Ne7 27.
Rec1 Rxc2 28. Rxc2 Rc8 29. Rxc8+ Nxc8 30. Kg1 Kf8 31. Kf1 Ncd6 32. Ke1 Ke7 33.
Kd1 Nc4 34. Kc2 Kd7 35. Kb3 Kc6 36. Nb4+ Kb7 37. Nbd3 Ka6 38. Ne2 Kb7 39. Nc3
Nxc3 40. Kxc3 Kc6 41. Nb4+ Kc7 42. e4 Nd6 43. exd5 a5 44. Nd3 exd5 45. f3 f6
46. Nf4 Kc6 47. Ne6 Ne8 48. Kd3 Kd6 49. Nf4 g6 50. Nh3 Ng7 51. g4 g5 52. g3 Ne6
53. f4 Ke7 54. Ke3 Kf7 55. Nf2 Ke7 56. Nh3 Kf7 57. Kd3 Ke7 58. a4 Kd6 59. Kc3
Kc6 60. f5 Ng7 61. b3 h5 62. gxh5 Nxh5 63. g4 Ng3 64. Kd3 Ne4 65. Ke3 b5
1/2-1/2

[Event "DEM U12 2017"]
[Site "Willingen GER"]
[Date "2017.06.04"]
[Round "2"]
[White "Lauterbach, Kolja"]
[Black "Joppich, Til"]
[Result "1-0"]
[Termination "normal"]
[Board "12"]
[WhiteElo "1358"]
[BlackElo "1661"]
[WhiteClock "00:35:42"]
[BlackClock "00:04:00"]
[PlyCount "109"]
[WhiteFideId "16235916"]
[BlackFideId "16232917"]
[EventCountry "GER"]
[EventRounds "11"]
[EventType "swiss"]
[EventDate "2017.06.03"]

1. e4 e5 2. Nf3 Nc6 3. Bc4 Bc5 4. b4 Bxb4 5. c3 Ba5 6. d4 exd4 7. O-O Nf6 8. e5
d5 9. exf6 dxc4 10. fxg7 Rg8 11. Re1+ Be6 12. Bg5 Qd7 13. Re4 dxc3 14. Qxd7+
Kxd7 15. Na3 Rae8 16. Nxc4 Bxc4 17. Rxc4 b5 18. Rc5 b4 19. Rd1+ Kc8 20. Rxc6
Rxg7 21. Be3 Kb7 22. Rc4 f6 23. Bc5 Re2 24. Bxb4 c2 25. Rc1 Rd7 26. Nd4 Bb6 27.
Kf1 Re4 28. R4xc2 Rexd4 29. Bc3 Rf4 30. g3 Rf3 31. Kg2 Rdd3 32. Bb2 Rxf2+ 33.
Rxf2 Bxf2 34. Bxf6 Rd2 35. Rf1 Bb6+ 36. Kh3 Rxa2 37. Ra1 Rf2 38. Be5 Rf5 39.
Bf4 h5 40. Kh4 a5 41. Ra2 c5 42. Bg5 c4 43. Kxh5 Bd8 44. h3 c3 45. Kh6 Rd5 46.
Bxd8 Rxd8 47. Rxa5 Kb6 48. Ra1 Rg8 49. Rg1 Kc5 50. g4 Kb4 51. Kh7 Ra8 52. g5
Kb3 53. g6 Kb2 54. g7 c2 55. g8=Q 1-0

[Event "DEM U12 2017"]
[Site "Willingen GER"]
[Date "2017.06.04"]
[Round "2"]
[White "Marschall, Tillmann"]
[Black "Evering, Sören"]
[Result "0-1"]
[Termination "normal"]
[Board "13"]
[WhiteElo "1613"]
[BlackElo "1718"]
[PlyCount "114"]
[WhiteFideId "12973220"]
[BlackFideId "12974650"]
[EventCountry "GER"]
[EventRounds "11"]
[EventType "swiss"]
[EventDate "2017.06.03"]

1. e4 e5 2. Nf3 Nc6 3. Bb5 a6 4. Ba4 Nf6 5. O-O Be7 6. Re1 b5 7. Bb3 d6 8. c3
O-O 9. h3 Nb8 10. a4 Bb7 11. Bc2 Nbd7 12. d4 Re8 13. Nbd2 Bf8 14. b3 g6 15. Bb2
Bg7 16. Bd3 c6 17. Qc2 Nh5 18. g3 Rc8 19. axb5 cxb5 20. d5 Qb6 21. Kg2 Nc5 22.
Bf1 Nf6 23. c4 b4 24. Ra2 h5 25. Rea1 Bh6 26. Kg1 Kg7 27. Bg2 Ra8 28. Ra5 Bc8
29. Bc1 Bd7 30. Ne1 Nb7 31. R5a2 a5 32. Nd3 Nc5 33. Nxc5 Qxc5 34. Nf1 Bxc1 35.
Qxc1 Reb8 36. Qe3 Qc7 37. Rc1 Rc8 38. Nd2 Qc5 39. Qxc5 Rxc5 40. Rb1 Ne8 41. Kh2
Rc7 42. Rba1 Rca7 43. Bf3 a4 44. bxa4 Rxa4 45. Rxa4 Rxa4 46. Rxa4 Bxa4 47. c5
dxc5 48. Nc4 f6 49. Kg1 Kf7 50. Kf1 Bb5 51. Be2 Bxc4 52. Bxc4 Nd6 53. Bd3 f5
54. f3 c4 55. Bb1 fxe4 56. fxe4 Nb5 57. Ke1 Na3 0-1

[Event "DEM U12 2017"]
[Site "Willingen GER"]
[Date "2017.06.04"]
[Round "2"]
[White "Milare, Tyron"]
[Black "Pixa, Karl"]
[Result "1-0"]
[Termination "normal"]
[Board "14"]
[WhiteElo "1780"]
[BlackElo "1496"]
[PlyCount "61"]
[WhiteFideId "12987018"]
[BlackFideId "16240480"]
[EventCountry "GER"]
[EventRounds "11"]
[EventType "swiss"]
[EventDate "2017.06.03"]

1. d4 d5 2. Nf3 e6 3. c4 Nf6 4. Bg5 Nbd7 5. Nc3 c6 6. e3 Qa5 7. cxd5 cxd5 8.
Bd3 Bb4 9. Qc2 Ne4 10. O-O Bxc3 11. bxc3 Ndf6 12. c4 Nxg5 13. Nxg5 dxc4 14.
Nxh7 cxd3 15. Nxf6+ gxf6 16. Qxd3 Bd7 17. Rab1 Bc6 18. e4 Qh5 19. h3 Kd7 20. d5
exd5 21. Rfd1 a6 22. exd5 Bb5 23. Qc3 Rag8 24. a4 Rc8 25. Qb3 Be2 26. Re1 Rc7
27. Qb2 Bc4 28. d6 Kxd6 29. Rbd1+ Kc5 30. Qd4+ Kb4 31. Rb1+ 1-0

[Event "DEM U12 2017"]
[Site "Willingen GER"]
[Date "2017.06.04"]
[Round "2"]
[White "Wang, Xinyuan"]
[Black "Laux, Dominik"]
[Result "1-0"]
[Termination "normal"]
[Board "15"]
[WhiteElo "1673"]
[BlackElo "1759"]
[PlyCount "59"]
[WhiteFideId "16221494"]
[BlackFideId "12994219"]
[EventCountry "GER"]
[EventRounds "11"]
[EventType "swiss"]
[EventDate "2017.06.03"]

1. d4 d5 2. c4 c6 3. Nf3 Nf6 4. Nc3 e6 5. e3 Nbd7 6. Bd3 dxc4 7. Bxc4 b5 8. Bd3
a6 9. O-O c5 10. Bc2 Bb7 11. Re1 Be7 12. e4 Rc8 13. d5 b4 14. dxe6 fxe6 15. Na4
e5 16. Ng5 Rc6 17. b3 O-O 18. Bd3 Qe8 19. Bc4+ Kh8 20. Ne6 Rd6 21. Qc2 Nxe4 22.
Nxf8 Nxf8 23. Rxe4 Qg6 24. f3 Rf6 25. Re2 Bxf3 26. Qxg6 Rxg6 27. Rf2 e4 28. Bf7
Rf6 29. gxf3 Rxf7 30. fxe4 1-0

[Event "DEM U12 2017"]
[Site "Willingen GER"]
[Date "2017.06.04"]
[Round "2"]
[White "Kosev, Momchil"]
[Black "Sinnhöfer, Joshua"]
[Result "1-0"]
[Termination "normal"]
[Board "16"]
[WhiteElo "1757"]
[BlackElo "1540"]
[PlyCount "107"]
[WhiteFideId "12975982"]
[BlackFideId "16201361"]
[EventCountry "GER"]
[EventRounds "11"]
[EventType "swiss"]
[EventDate "2017.06.03"]

1. c4 Nf6 2. Nc3 d5 3. cxd5 Nxd5 4. Nf3 Nc6 5. d4 e6 6. g3 Bb4 7. Bd2 Nb6 8. a3
Be7 9. Bf4 O-O 10. e4 Bd6 11. Bxd6 cxd6 12. Bg2 d5 13. O-O f6 14. Re1 dxe4 15.
Nxe4 Re8 16. Rc1 Nd5 17. b4 a6 18. Rc5 f5 19. Ned2 Nf6 20. Qa1 Nd7 21. Rcc1 Nf8
22. Nc4 Ng6 23. Qb2 f4 24. Rcd1 b5 25. Nce5 Ncxe5 26. Nxe5 Rb8 27. Nc6 Qd6 28.
Nxb8 fxg3 29. hxg3 Qxb8 30. Qe2 Bb7 31. Bxb7 Qxb7 32. Qe4 Qd7 33. Rc1 Nf8 34.
Qc6 Qxc6 35. Rxc6 Ra8 36. Rb6 Kf7 37. Rc1 Nd7 38. Rc7 Ke8 39. Rxe6+ Kd8 40.
Rcc6 a5 41. Ra6 Rxa6 42. Rxa6 axb4 43. axb4 Kc7 44. Ra7+ Kd6 45. Kg2 g6 46. Kf3
h5 47. Ra6+ Kd5 48. Rxg6 Kc4 49. Rd6 Nf8 50. Ke4 Kxb4 51. Kd3 Kb3 52. f4 b4 53.
f5 Kb2 54. Kc4 1-0

[Event "DEM U12 2017"]
[Site "Willingen GER"]
[Date "2017.06.04"]
[Round "2"]
[White "Bethke, Richard"]
[Black "Großmann, Piet"]
[Result "1-0"]
[Termination "normal"]
[Board "17"]
[WhiteElo "2223"]
[BlackElo "1608"]
[PlyCount "49"]
[WhiteFideId "12959243"]
[BlackFideId "16234359"]
[EventCountry "GER"]
[EventRounds "11"]
[EventType "swiss"]
[EventDate "2017.06.03"]

1. e4 e6 2. d4 d5 3. Nd2 dxe4 4. Nxe4 Nd7 5. Nf3 Ngf6 6. Nxf6+ Nxf6 7. Bd3 Be7
8. O-O O-O 9. Ne5 c5 10. dxc5 Bxc5 11. Bg5 h6 12. Bh4 Bd4 13. Bxf6 Qxf6 14.
Bh7+ Kxh7 15. Qxd4 Rd8 16. Qe4+ Kg8 17. Rad1 Rxd1 18. Rxd1 Qe7 19. Rd4 f6 20.
Ng6 Qc7 21. Qd3 e5 22. Rd8+ Kf7 23. Nh8+ Ke6 24. Re8+ Qe7 25. Qc4+ 1-0

[Event "DEM U12 2017"]
[Site "Willingen GER"]
[Date "2017.06.04"]
[Round "2"]
[White "Lutz, Adam"]
[Black "Neuber, Pascal"]
[Result "1-0"]
[Termination "normal"]
[Board "18"]
[WhiteElo "1787"]
[BlackElo "1632"]
[PlyCount "101"]
[WhiteFideId "16226615"]
[BlackFideId "16227611"]
[EventCountry "GER"]
[EventRounds "11"]
[EventType "swiss"]
[EventDate "2017.06.03"]

1. e4 e5 2. Nf3 Nc6 3. d4 exd4 4. Nxd4 Nf6 5. Nxc6 bxc6 6. e5 Qe7 7. Qe2 Nd5 8.
c4 Ba6 9. b3 Qh4 10. a3 Bc5 11. g3 Bxf2+ 12. Qxf2 Qe4+ 13. Be2 Qxh1+ 14. Kd2
Qe4 15. cxd5 Bxe2 16. Qxe2 Qd4+ 17. Kc2 Qxd5 18. Nc3 Qe6 19. Bf4 O-O 20. Rd1
Rab8 21. b4 a5 22. Qe4 a4 23. Rb1 Rfe8 24. Qd3 Ra8 25. Rb2 f5 26. Ne2 d6 27.
Nd4 Qd5 28. exd6 cxd6 29. Nxf5 Qg2+ 30. Kc3 Qg1 31. Nxd6 Qe1+ 32. Kd4 Rad8 33.
Rb1 Qe7 34. Kc3 Qe2 35. Rc1 Qxd3+ 36. Kxd3 g5 37. Kc4 Re6 38. Nb7 gxf4 39. Nxd8
Rh6 40. gxf4 Rxh2 41. Nxc6 Rf2 42. f5 h5 43. Rh1 Ra2 44. Rh3 Rf2 45. Nd4 Rf4
46. Rxh5 Re4 47. b5 Re7 48. f6 Rf7 49. b6 Rxf6 50. b7 Rb6 51. Rb5 1-0

[Event "DEM U12 2017"]
[Site "Willingen GER"]
[Date "2017.06.04"]
[Round "2"]
[White "Stepanov, Maximilian"]
[Black "Lohvinov, Petro"]
[Result "0-1"]
[Termination "normal"]
[Board "19"]
[WhiteElo "1609"]
[BlackElo "1823"]
[PlyCount "76"]
[WhiteFideId "16244680"]
[BlackFideId "14176661"]
[EventCountry "GER"]
[EventRounds "11"]
[EventType "swiss"]
[EventDate "2017.06.03"]

1. d4 Nf6 2. g3 e6 3. Bg2 d5 4. Nf3 Be7 5. Bg5 h6 6. Bxf6 Bxf6 7. c3 Nd7 8.
Nbd2 O-O 9. O-O b6 10. e4 Bb7 11. e5 Be7 12. Nb3 c5 13. Nfd2 Rc8 14. f4 c4 15.
Nc1 b5 16. a3 a5 17. f5 exf5 18. Rxf5 Qb6 19. Kh1 f6 20. exf6 Nxf6 21. Re5 Bd6
22. Re6 Rce8 23. Rxe8 Rxe8 24. Qf1 Ng4 25. Bh3 Ne3 26. Qg1 Qd8 27. Nf1 Nc2 28.
Rb1 Qf6 29. Na2 Re2 30. Rd1 Ne1 31. Nd2 Nd3 32. Bf1 Nf2+ 33. Kg2 Bc8 34. h3
Bxh3+ 35. Kh2 Bxf1 36. Nxf1 Nxd1+ 37. Kh1 Qf3+ 38. Qg2 Qxg2# 0-1

[Event "DEM U12 2017"]
[Site "Willingen GER"]
[Date "2017.06.04"]
[Round "2"]
[White "von Krosigk, Florian"]
[Black "Schubert, Nikita"]
[Result "1/2-1/2"]
[Termination "normal"]
[Board "20"]
[WhiteElo "1627"]
[BlackElo "1788"]
[PlyCount "71"]
[WhiteFideId "16227808"]
[BlackFideId "16212339"]
[EventCountry "GER"]
[EventRounds "11"]
[EventType "swiss"]
[EventDate "2017.06.03"]

1. e4 e5 2. Nf3 Nc6 3. Bc4 Nf6 4. d3 d5 5. exd5 Nxd5 6. h3 Bc5 7. Nbd2 O-O 8.
Ne4 Bb6 9. O-O f6 10. Nc3 Be6 11. Be3 Kh8 12. Bxb6 Nxc3 13. Qe1 Bxc4 14. Qxc3
axb6 15. dxc4 Qe7 16. a3 Rfd8 17. Rad1 Rd6 18. Rd5 Rad8 19. Rfd1 Qe6 20. Rxd6
Rxd6 21. Rxd6 Qxd6 22. Qd3 Qxd3 23. cxd3 Kg8 24. Kf1 Kf7 25. Ke2 Ke6 26. b4
Nd4+ 27. Nxd4+ exd4 28. f4 c5 29. bxc5 bxc5 30. Kf3 f5 31. g4 g6 32. gxf5+ gxf5
33. Kg3 Kf6 34. Kh4 Kg6 35. Kg3 Kf6 36. h4 1/2-1/2

[Event "DEM U12 2017"]
[Site "Willingen GER"]
[Date "2017.06.04"]
[Round "2"]
[White "Ljuca, Rijad"]
[Black "Breß, Aaron"]
[Result "0-1"]
[Termination "normal"]
[Board "21"]
[WhiteElo "1436"]
[BlackElo "1745"]
[PlyCount "94"]
[WhiteFideId "16216121"]
[BlackFideId "12996432"]
[EventCountry "GER"]
[EventRounds "11"]
[EventType "swiss"]
[EventDate "2017.06.03"]

1. d4 Nf6 2. c4 g6 3. Nc3 d5 4. e3 Bg7 5. Nf3 O-O 6. Ne5 c6 7. h3 Nbd7 8. f4
dxc4 9. Bxc4 Nxe5 10. fxe5 Nd5 11. e4 Nxc3 12. bxc3 c5 13. Ba3 cxd4 14. Qxd4
Qc7 15. Qc5 Qxc5 16. Bxc5 Bxe5 17. Rc1 Be6 18. Bxe6 fxe6 19. Bxe7 Rf4 20. Kd1
Rxe4 21. Re1 Rxe1+ 22. Kxe1 Rc8 23. Ke2 Rxc3 24. Rxc3 Bxc3 25. Kd3 Kf7 26. Bg5
Bf6 27. Bf4 e5 28. Bh2 Ke6 29. Ke4 b5 30. Bg1 a5 31. Bb6 a4 32. Ba5 Be7 33. Bc3
Bd6 34. g4 b4 35. Bb2 b3 36. axb3 axb3 37. h4 Bc5 38. h5 Bd4 39. Bxd4 exd4 40.
Kd3 gxh5 41. gxh5 Kf5 42. Kd2 Ke4 43. Kc1 Ke3 44. Kd1 b2 45. Kc2 b1=Q+ 46. Kxb1
Ke2 47. Kc1 d3 0-1